<?xml version="1.0" encoding="UTF-8"?><?xml-stylesheet type="text/xsl" href="static/style.xsl"?><OAI-PMH xmlns="http://www.openarchives.org/OAI/2.0/" xmlns:xsi="http://www.w3.org/2001/XMLSchema-instance" xsi:schemaLocation="http://www.openarchives.org/OAI/2.0/ http://www.openarchives.org/OAI/2.0/OAI-PMH.xsd"><responseDate>2026-04-13T01:46:50Z</responseDate><request verb="GetRecord" identifier="oai:www.recercat.cat:2072/478229" metadataPrefix="marc">https://recercat.cat/oai/request</request><GetRecord><record><header><identifier>oai:recercat.cat:2072/478229</identifier><datestamp>2024-11-12T02:57:11Z</datestamp><setSpec>com_2072_98</setSpec><setSpec>col_2072_378192</setSpec></header><metadata><record xmlns="http://www.loc.gov/MARC21/slim" xmlns:dcterms="http://purl.org/dc/terms/" xmlns:xsi="http://www.w3.org/2001/XMLSchema-instance" xmlns:doc="http://www.lyncode.com/xoai" xsi:schemaLocation="http://www.loc.gov/MARC21/slim http://www.loc.gov/standards/marcxml/schema/MARC21slim.xsd">
   <leader>00925njm 22002777a 4500</leader>
   <datafield ind2=" " ind1=" " tag="042">
      <subfield code="a">dc</subfield>
   </datafield>
   <datafield ind2=" " ind1=" " tag="720">
      <subfield code="a">Agusti Pujol, Clara</subfield>
      <subfield code="e">author</subfield>
   </datafield>
   <datafield ind2=" " ind1=" " tag="720">
      <subfield code="a">Manteca Vilanova, Xavier</subfield>
      <subfield code="e">author</subfield>
   </datafield>
   <datafield ind2=" " ind1=" " tag="720">
      <subfield code="a">García-Párraga, Daniel</subfield>
      <subfield code="e">author</subfield>
   </datafield>
   <datafield ind2=" " ind1=" " tag="720">
      <subfield code="a">Talló Parra, Oriol</subfield>
      <subfield code="e">author</subfield>
   </datafield>
   <datafield ind2=" " ind1=" " tag="260">
      <subfield code="c">2024</subfield>
   </datafield>
   <datafield ind2=" " ind1=" " tag="520">
      <subfield code="a">Un estudi del Centre d'Educació en Benestar Animal de la UAB valida un nou mètode no invasiu per a mesurar cortisol en l'epidermis de dofins mulars i belugues, oferint una alternativa menys estressant a tècniques tradicionals. Aquest avanç promet millorar el benestar animal en zoològics o aquaris i transformar els estudis de conservació.</subfield>
   </datafield>
   <datafield ind2=" " ind1=" " tag="520">
      <subfield code="a">Un estudio del Centro de Educación en Bienestar Animal de la UAB valida un nuevo método no invasivo para medir cortisol en la epidermis de delfines mulares y belugas, ofreciendo una alternativa menos estresante a técnicas tradicionales. Este avance promete mejorar el bienestar animal en zoológicos o acuarios y transformar los estudios de conservación.</subfield>
   </datafield>
   <datafield ind2=" " ind1=" " tag="520">
      <subfield code="a">A study by the Center for Animal Welfare Education at UAB validates a new non-invasive method for measuring cortisol in the epidermis of bottlenose dolphins and beluga whales, offering a less stressful alternative to traditional techniques. This breakthrough promises to improve animal welfare in zoos or aquariums and transform conservation studies.</subfield>
   </datafield>
   <datafield ind2="0" ind1="0" tag="245">
      <subfield code="a">Validen un mètode no invasiu que mesura l'estrès en dofins i belugues</subfield>
   </datafield>
</record></metadata></record></GetRecord></OAI-PMH>